000 00939cam a22003013a 4500
001 1223
005 20250617150756.0
020 _a078073002993
040 _aJDP
_cJDP
_dIHI
_dTQG
_dDLC
_beng
050 0 0 _aPZ7
082 _a813.54
100 1 _aMartin, Ann M.,
_d1955-
245 1 0 _aSnow war /
_cAnn M. Martin ; illustrations by Charles Tang.
260 _aNew York :
_bScholastic,
_c1997.
300 _a82 pages :
_bIllustrations ;
_c20 cm
490 _aThe kids in Ms. Colman's class
_vBook 5
500 _a"A little Apple paperback."
505 _aN
520 _aSnowball fights on the playground turn mean, and Ian trys to stop them.
521 1 _a590
_bLexile
521 1 _aN
_bRaz-Plus
650 0 _aSchools
_vFiction.
650 0 _aSnow
_vFiction.
655 7 _aChildren's stories.
_2lcsh
700 1 _aTang, Charles
_eIllustrator
906 _a7
_bcbc
_ccopycat
_d2
_encip
_f19
_gy-genrareb
942 _2ddc
_cBK
_n0
999 _c1223
_d1223